Chcete presadiť dobrý projekt? Spoznajte emócie zabalené do komunikácie

Emócie na pracovisku. Vlastná stratégia ako príjímať informácie a následne ich odkomunikovať. Tri typy stratégií komunikácie: (inflačný typ, rigidný typ, deflačný typ), ich pozitíva a negatíva.

Gespeichert in:
Bibliographische Detailangaben
1. Verfasser: Mošková, Martina
Weitere Verfasser: Košibová, Miroslava
Format: Buchkapitel
Sprache:Slowakisch
Schlagworte:
Tags: Tag hinzufügen
Keine Tags, Fügen Sie das erste Tag hinzu!

MARC

LEADER 00000naa a2200000 4500
001 0249619
005 20181217142740.6
041 0 |a slo 
044 |a SK 
245 1 0 |a Chcete presadiť dobrý projekt? Spoznajte emócie zabalené do komunikácie  |c Martina Mošková, Miroslava Košibová 
520 |a Emócie na pracovisku. Vlastná stratégia ako príjímať informácie a následne ich odkomunikovať. Tri typy stratégií komunikácie: (inflačný typ, rigidný typ, deflačný typ), ich pozitíva a negatíva. 
610 2 0 |a emócie 
610 2 0 |a inteligencia emocionálna 
610 2 0 |a inteligencia sociálna 
610 2 0 |a komunikácia manažérska 
610 2 0 |a úspech pracovný 
100 1 |a Mošková, Martina 
700 1 |a Košibová, Miroslava